02027nab a2200265 a 450000500170000000700030001700800410002002200140006104000280007504100080010324501090011126400660022030000590028633600270034533700340037233800280040636200430043452108750047765000890135265000800144177300880152185601200160994200150172999900170174420250206130658.0ta250206e2025 dr mr|p|r||||||0| | spa d a2078-4929 aDO-SdBNPcDO-SdBNPerda hspa aArquitectura y turismo : bpilares del desarrollo sostenible de la República Dominicana /cArquitexto. aSanto Domingo, República Dominicana : bArquitexto, c2025. apágina 1 : bilustraciones, fotografías ; c27 cm. atextobtxt2rdacontent asin mediación bn2rdamedia avolumenbnc2rdacarrier aAño 39, Número 125, (enero, 2025). aArquitexto celebra con orgullo su edición número 125, un logro trascendental que refleja casi cuatro décadas de compromiso con la arquitectura y el diseño. En esta ocasión especial, dedicamos nuestras páginas a uno de los sectores más dinámicos de la economía dominicana: el turismo. Desde los años setenta, en la República Dominicana la concepción del desarrollo turístico basado en «polos» ha evolucionado hacia un concepto más integral, el de «destino». Hoy, el territorio completo se perfila como un destino único, donde cada rincón ofrece una experiencia turística única. Esta edición aborda la arquitectura turística de la República Dominicana desde múltiples enfoques, en particular la planificación, el diseño y la sostenibilidad como pilares del desarrollo turístico y del liderazgo del país en el Caribe. 0aTurismozCaribe (Región) República DominicanavPublicaciones periódicas963967 0aDesarrollo socialzRepública DominicanavPublicaciones periódicas977830 0368849320461aArquitextoo2025-0797tArquitexto. :w(DO-SdBNP)000037394x2078-4929 uhttps://arquitexto.com/2025/01/arquitectura-y-turismo-pilares-del-desarrollo-sostenible-de-la-republica-dominicana/ 2ddccISSUE c58102d58102